000 00372 a2200169 4500
001 183468
020 _a85-262-3468-0
040 _cMagnum
100 _aTulchinski, Lúcia
240 1 0 _a*R* Fábulas de Esopo *R*
_lpor
245 1 0 _a*R* Fábulas de Esopo *R*
300 _a39
362 0 _a2008
440 1 _aScipione
697 _aLITERATURA INFANTO
942 _cBK
999 _c183468
_d183468